书目信息 |
| 题名: |
少年维特的烦恼
|
|
| 作者: | 歌德 , Goethe 著 ;杨武能 译 | |
| 分册: | ||
| 出版信息: | 北京 人民文学出版社 1999 |
|
| 页数: | 177页 | |
| 开本: | 19cm | |
| 丛书名: | ||
| 单 册: | ||
| 中图分类: | I516.44 | |
| 科图分类: | ||
| 主题词: | 书信体小说--德国--近代 | |
| 电子资源: | ||
| ISBN: | 7-02-000605-1 | |
| 000 | 00945nam0 2200289 450 | |
| 001 | 0100737405 | |
| 005 | 20020928000000.0 | |
| 010 | @a7-02-000605-1@dCNY7.40 | |
| 011 | @a7-02-000605-1 | |
| 100 | @a19990803d1999 em y0chiy0110 ea | |
| 101 | 1 | @achi@cger |
| 102 | @aCN@b110000 | |
| 105 | @ay z 000ay | |
| 106 | @ar | |
| 200 | 1 | @a少年维特的烦恼@9Shao Nian Wei Te De;Di Fan Nao @f(德)歌德(Johann Wolfgang Goethe)著@g杨武能译@b专著 |
| 205 | @a2版(修订本) | |
| 210 | @a北京@c人民文学出版社@d1999 | |
| 215 | @a177页@d19cm | |
| 500 | 10 | @a少年维特的烦恼@9shao nian wei te de fan nao |
| 510 | 1 | @aDie leiden des jungen Werthers@zger |
| 606 | 0 | @a书信体小说@y德国@z近代 |
| 690 | @aI516.44@v3 | |
| 701 | 1 | @c(德)@a歌德@c(Goethe, Johann Wolfgang von@f1749~1832)@9ge de@4著 |
| 701 | 1 | @aGoethe@bJohann Wolfgang@4著 |
| 702 | 0 | @a杨武能@f(1938~)@9yang wu neng@4译 |
| 801 | 0 | @aCN@bAiZhiMarc@c19990825 |
| 905 | @aBZT@dI51@e3@f5@sI51/3 | |
| 少年维特的烦恼/(德)歌德(Johann Wolfgang Goethe)著/杨武能译.-2版(修订本).-北京:人民文学出版社,1999 |
| 177页;19cm |
| ISBN 7-02-000605-1:CNY7.40 |
| ● |
| 相关链接 |
|
|
|
正题名:少年维特的烦恼
索取号:I51/3
 
预约/预借
| 序号 | 登录号 | 条形码 | 馆藏地/架位号 | 状态 | 备注 |
| 1 | 2000049931 | 2000049931 | 旧书回溯/ [索取号:I51/3] | 在馆 | |
| 2 | 2000101812 | 2000101812 | 旧书回溯/ [索取号:I51/3] | 在馆 | |
| 3 | 2000101813 | 2000101813 | 旧书回溯/ [索取号:I51/3] | 在馆 | |
| 4 | 2000101814 | 2000101814 | 旧书回溯/ [索取号:I51/3] | 在馆 | |
| 5 | 2000101815 | 2000101815 | 旧书回溯/ [索取号:I51/3] | 在馆 |